000 00278nam a2200121Ia 4500
008 191201s2013 xx 000 0 und d
100 _aMITTAL, R K
245 0 _aRobotics and Control
260 _aN. Delhi
_bTMH
_c2013
300 _a487
650 _aB.Tech(ME)
942 _2ddc
_cBK
999 _c6140
_d6140